| 000 | 00612nam a22001577a 4500 | ||
|---|---|---|---|
| 003 | OSt | ||
| 005 | 20151130151324.0 | ||
| 008 | 151130b xxu||||| |||| 00| 0 eng d | ||
| 040 | _cRUA | ||
| 082 | _aFIS OUC 1996 B163 Or.1 | ||
| 100 |
_94037 _aOUCH, HUOCH. |
||
| 245 | _aTo reserch on activitiess of fish products distribution centre in phnom penh, ការស្រាវជ្រាវសកម្មភាពមណ្ឌល បែងចែកផលនេសាទក្នុងរាជធានីភ្នំពេញ | ||
| 260 |
_aPhnom Penh _bRUA _c1996 |
||
| 300 |
_a62p. _bill. _c29cm. |
||
| 942 |
_2ddc _cFIS |
||
| 999 |
_c3756 _d3756 |
||